000 00679nam a2200265Ia 4500
005 20260121170511.0
008 008 260114s9999 xx 000 0 eng d
020 _a9783662563335
037 _aEBOOK
040 _aCRL
040 _beng
040 _cCRL
041 _2eng
041 _aeng
084 _qCRL
100 _aChalla S.S.R. Kumar
_91064660
245 0 _aNanotechnology Characterization Tools for Biosensing and Medical Diagnosis
260 _bSpringer
260 _bSpringer
260 _c2018
856 _uhttps://link.springer.com/openurl?genre=book&isbn=978-3-662-56333-5
942 _cEBOOK
999 _c1630390
_d1630390